30 vyjímečných fotbalistů, kteří vešli do dějin /
Uloženo v:
| Hlavní autor: | |
|---|---|
| Další autoři: | , , |
| Médium: | Kniha |
| Jazyk: | Czech |
| Vydáno: |
Praha :
Rebo International CZ,
2020
|
| Vydání: | 1. vydání |
| Edice: | Sportovní hvězdy
|
| Témata: | |
| Celkem bylo vypůjčeno: | 20x |
| Tagy: |
Žádné tagy |
| LEADER | 02022nam a22005057i 4500 | ||
|---|---|---|---|
| 001 | 93905 | ||
| 003 | CZ PrSKC | ||
| 005 | 20200915151615.0 | ||
| 007 | ta | ||
| 008 | 200824s2020 xr e |||| 0 cze d | ||
| 020 | |a 9788025512142 |q (vázáno) : |c Kč 299,00 | ||
| 040 | |a OSA001 |b cze |e rda |9 1 | ||
| 041 | 1 | |a cze |h ita | |
| 072 | 7 | |a 796 |x Sport. Hry. Tělesná cvičení |2 Konspekt |9 20 | |
| 072 | 7 | |a 0/9-053.2 |x Literatura pro děti a mládež (naučná) |2 Konspekt |9 26 | |
| 080 | |a 796.3 |2 MRF-sel | ||
| 080 | |a 796.07 |2 MRF-sel | ||
| 100 | 1 | |a De Leone, Luca |4 aut | |
| 245 | 1 | 0 | |a 30 vyjímečných fotbalistů, kteří vešli do dějin / |c text: Luca de Leone a Paolo Mancini ; ilustrace: Giovanni Abeille ; překlad: Lenka Svobodová |
| 246 | 3 | |a Třicet vyjímečných fotbalistů, kteří vešli do dějin | |
| 250 | |a 1. vydání | ||
| 264 | 1 | |a Praha : |b Rebo International CZ, |c 2020 | |
| 300 | |a 101 stran : |b barevné ilustrace ; |c 27 cm | ||
| 336 | |a text |b txt |2 rdacontent | ||
| 336 | |a statický obraz |b sti |2 rdacontent | ||
| 337 | |a bez média |b n |2 rdamedia | ||
| 338 | |a svazek |b nc |2 rdacarrier | ||
| 490 | 1 | |a Sportovní hvězdy | |
| 500 | |a Přeloženo z italštiny? | ||
| 504 | |a Obsahuje bibliografii | ||
| 648 | 7 | |a 20.-21. století |7 ch462155 |2 czenas |9 53009 | |
| 650 | 0 | 7 | |a fotbalisté |7 ph114579 |z země světa |y 20.-21. století |2 czenas |
| 650 | 0 | 7 | |a fotbal |7 ph114578 |2 czenas |
| 650 | 0 | 7 | |a dějiny sportu |7 ph488972 |2 czenas |
| 651 | 7 | |a země světa |7 ge131523 |2 czenas | |
| 655 | 7 | |a populárně-naučné publikace |7 fd131864 |2 czenas | |
| 655 | 7 | |a publikace pro děti |7 fd133156 |2 czenas | |
| 700 | 1 | |a Mancini, Paolo |4 aut | |
| 700 | 1 | |a Abeille, Giovanni |7 kv20191020856 |4 ill |9 111511 | |
| 700 | 1 | |a Svobodová, Lenka |4 trl |9 34149 | |
| 830 | 0 | |a Sportovní hvězdy | |
| 910 | |a UOG502 | ||
| 942 | |2 ddc |c KN | ||
| 999 | |c 93905 |d 93905 | ||
| 993 | |0 0 |1 421180094320 |2 ddc |4 0 |6 796_000000000000000 |7 0 |9 81857 |b 0 |c 94320 |d 2020-09-15 |e 20 |f M |g 796 |h 299.00 |i Koupě |l M |m 17 |r 2025-09-23 |s 2025-07-08 |t 7 |w 2020-09-15 |y KN |z NAUCNA | ||